| 000 | 00669nam a2200229Ia 4500 | ||
|---|---|---|---|
| 005 | 20260429112027.0 | ||
| 008 | 260429s9999||||xx |||||||||||||| ||und|| | ||
| 020 | _a9781032234588 | ||
| 041 | _aEnglish | ||
| 082 |
_a006.31 _bCUE |
||
| 100 | _aCuevas, Erik | ||
| 245 | 0 |
_aImage processing and machine learning, Volume 1 : _bfoundational of image processing, Vol. 1 / _cErik Cuevas |
|
| 250 | _a1st ed. | ||
| 260 |
_aBoca Raton : _bCRC Press, _c2024. |
||
| 300 | _axiii, 209 p.; hb | ||
| 440 | _vVol. 1 | ||
| 650 | _a Artificial intelligence | ||
| 650 | _a Machine learning | ||
| 650 | _aComputer science | ||
| 700 | _a Rodriguez, Alma Nayeli | ||
| 942 | _cTB | ||
| 999 |
_c51968 _d51968 |
||